000 00770nam a2200241Ia 4500
003 GCL
008 140319s9999 xx 000 0 ara d
040 _aGCL /
_cGCL
082 0 4 _a323.423
_bط م
100 1 _aطاهر عبدالحكيم
245 1 0 _aاضطهاد الزنوج فى امريكا /
_cطاهر عبدالحكيم
300 _a55 ص
490 _aالهيئة العامة للاستعلامات
_v0
650 0 4 _aالعلاقات الانسانية
650 0 4 _aالولايات المتحدة الامريكية
650 0 4 _aالسياسة
650 0 4 _aالحقوق المدنية
650 0 4 _aالاقليات
650 0 4 _aالتفرقة العنصرية
650 0 4 _aالاضطهاد
650 0 4 _aالزنوج
942 _2ddc
_cBK
999 _c47024
_d47024